Uznesenie 2. Valného zhromaždenia Bratstva pravoslávnej mládeže na Slovensku

Bibliographic Details
Format: Article
Language:Slovak
Subjects:

MARC

LEADER 00000nab a2200000 a 4500
001 vtls000487873
003 SK-MaSNL
005 20260303004247.0
008 120927c1993 xo 0 slo
015 |a SNBRB19rr/mm-uuuuu 
035 |a CL0488010 
040 |a SNKBUCL  |b slo  |c SNKBUCL  |e AACR2 
041 0 |a slo 
044 |a xo  |c SK 
080 |a 281.93:267.6:061.3  |2 1981 
080 |a 267.6  |2 1981 
245 0 0 |a Uznesenie  |b 2. Valného zhromaždenia Bratstva pravoslávnej mládeže na Slovensku 
650 0 7 |a Bratstvo pravoslávnej mládeže na Slovensku  |2 snkbucl  |9 983058 
655 7 |a články z novín a časopisov  |2 snkbucl  |9 267496 
773 0 |t Odkaz sv. Cyrila a Metoda  |g Roč. 39, č. 6 (1993), s. 227 
850 |a Slovenská národná knižnica v Martine  |a MTA001 
852 |a SNK  |b KIS3GCP 
958 |a RK 
992 |a RBX 
999 |c 1576833  |d 1578763